[Event "Chigorin Memorial"]
[Site "St Petersburg"]
[Date "2015.10.10"]
[Round "8.41"]
[White "Pogorelskikh, Sergey"]
[Black "Siva, Mahadevan"]
[Result "1-0"]
[WhiteElo "2272"]
[BlackElo "2392"]
[PlyCount "99"]
[EventDate "2015.10.03"]
[EventRounds "9"]
[EventCountry "RUS"]

1. e4 c5 2. Nf3 d6 3. Bb5+ Nd7 4. c3 Ngf6 5. Qe2 a6 6. Ba4 b5 7. Bc2 Bb7 8. O-O
e5 9. d4 Be7 10. d5 O-O 11. h3 Re8 12. a4 c4 13. Be3 Nf8 14. Na3 Qd7 15. axb5
axb5 16. b3 cxb3 17. Bd3 Rec8 18. Nxb5 Bxd5 19. exd5 e4 20. c4 exf3 21. Qxf3
Ng6 22. Bd4 Nh4 23. Qd1 Rxa1 24. Bxa1 g6 25. Qxb3 Nh5 26. Qb2 Bf6 27. Qd2 Qd8
28. Nd4 Bxd4 29. Bxd4 g5 30. Be3 h6 31. Qd1 Nf4 32. Bxf4 gxf4 33. Qg4+ Kh8 34.
Qxf4 Kg7 35. Ra1 Qf6 36. Qg4+ Ng6 37. Ra7 Re8 38. Bxg6 Re1+ 39. Kh2 Qxg6 40.
Qxg6+ Kxg6 41. Ra6 Rc1 42. Rxd6+ Kg7 43. Rc6 Kf8 44. d6 Ke8 45. c5 Kd7 46. Rc7+
Ke6 47. d7 Rd1 48. c6 Rd6 49. Rc8 Ke7 50. Re8+ 1-0

[Event "Chigorin Memorial"]
[Site "St Petersburg"]
[Date "2015.10.10"]
[Round "8.42"]
[White "Saveliev, Alexei"]
[Black "Rodin, Dmitrij"]
[Result "1-0"]
[WhiteElo "2253"]
[BlackElo "2378"]
[PlyCount "29"]
[EventDate "2015.10.03"]
[EventRounds "9"]
[EventCountry "RUS"]

1. e4 e5 2. Nf3 Nc6 3. Bb5 a6 4. Ba4 Nf6 5. O-O Nxe4 6. d4 Be7 7. Re1 f5 8. d5
Nb8 9. Nxe5 Nf6 10. Bg5 Kf8 11. Nc3 b5 12. Bb3 d6 13. Nc6 Nxc6 14. dxc6 Ne4 15.
Nxe4 1-0

[Event "Chigorin Memorial"]
[Site "St Petersburg"]
[Date "2015.10.10"]
[Round "8.43"]
[White "Kakabayaev, Mergen"]
[Black "Chashchev, Sergey"]
[Result "1-0"]
[WhiteElo "2239"]
[BlackElo "2377"]
[PlyCount "67"]
[EventDate "2015.10.03"]
[EventRounds "9"]
[EventCountry "RUS"]

1. e4 g6 2. d4 Bg7 3. Nc3 c6 4. Nf3 d5 5. e5 Nh6 6. h3 O-O 7. Bf4 f6 8. Bd3 Na6
9. a3 Nf7 10. Qe2 Nc7 11. O-O Ne6 12. Bg3 fxe5 13. dxe5 Bh6 14. Rad1 Qc7 15.
Rfe1 Bf4 16. Bxf4 Nxf4 17. Qe3 Nd8 18. Ne2 Nde6 19. Nfd4 c5 20. Nxe6 Nxe6 21.
c3 Ng7 22. Ng3 b6 23. h4 Bf5 24. Bxf5 gxf5 25. Qg5 e6 26. Nh5 Kh8 27. Nf4 Qf7
28. Qh6 Rg8 29. h5 Rge8 30. Re3 Rac8 31. Rg3 Rc6 32. Rdd3 b5 33. Rg5 b4 34.
Rdg3 1-0

[Event "Chigorin Memorial"]
[Site "St Petersburg"]
[Date "2015.10.10"]
[Round "8.44"]
[White "Tugarin, Anton"]
[Black "Kotlyar, Kirill"]
[Result "1-0"]
[WhiteElo "2177"]
[BlackElo "2370"]
[PlyCount "65"]
[EventDate "2015.10.03"]
[EventRounds "9"]
[EventCountry "RUS"]

1. Nf3 Nf6 2. c4 g6 3. Nc3 d5 4. d4 Bg7 5. cxd5 Nxd5 6. e4 Nxc3 7. bxc3 c5 8.
Be3 Qa5 9. Qd2 O-O 10. Rc1 Nc6 11. d5 Rd8 12. h4 e6 13. h5 exd5 14. hxg6 hxg6
15. Bh6 dxe4 16. Bxg7 Kxg7 17. Qh6+ Kf6 18. Qh4+ Kg7 19. Ng5 Bf5 20. Nh7 Rd1+
21. Kxd1 Qd8+ 22. Ke2 Qxh4 23. Rxh4 Rh8 24. Ke3 g5 25. Rh5 Bg6 26. Rxg5 b6 27.
Bc4 Ne7 28. Rh1 f6 29. Rg4 Nf5+ 30. Kf4 Nd6 31. Rd1 Nxc4 32. Rd7+ Kh6 33. Rh4+
1-0

[Event "Chigorin Memorial"]
[Site "St Petersburg"]
[Date "2015.10.10"]
[Round "8.45"]
[White "Yanchenko, Roman"]
[Black "Kuzmin, Egor"]
[Result "1/2-1/2"]
[WhiteElo "2370"]
[BlackElo "2232"]
[PlyCount "81"]
[EventDate "2015.10.03"]
[EventRounds "9"]
[EventCountry "RUS"]

1. c4 c5 2. Nc3 Nc6 3. g3 g6 4. Bg2 Bg7 5. e4 e5 6. d3 Nge7 7. Nge2 O-O 8. O-O
a6 9. a3 Rb8 10. b4 cxb4 11. axb4 Nxb4 12. Ba3 a5 13. Qb3 Nec6 14. Nd5 b5 15.
cxb5 Rxb5 16. Bxb4 Nxb4 17. Nec3 Rb8 18. Nxb4 Rxb4 19. Qa3 Bb7 20. Qxa5 Qxa5
21. Rxa5 Rb3 22. Nd5 Ra8 23. Rxa8+ Bxa8 24. Rd1 Bxd5 25. exd5 Bf8 26. d4 exd4
27. Rxd4 Bc5 28. Rd2 d6 29. Bf1 Rb4 30. Rc2 Rd4 31. Bc4 Rd1+ 32. Kg2 Kg7 33.
Re2 Rd4 34. Ba2 Ra4 35. f4 Rb4 36. Kh3 Bd4 37. Kg4 Rb2 38. Bc4 Rxe2 39. Bxe2
f5+ 40. Kf3 Kf6 41. Bb5 1/2-1/2

[Event "Chigorin Memorial"]
[Site "St Petersburg"]
[Date "2015.10.10"]
[Round "8.46"]
[White "Tersinsev, Andrey"]
[Black "Martynov, Pavel"]
[Result "0-1"]
[WhiteElo "2023"]
[BlackElo "2369"]
[PlyCount "88"]
[EventDate "2015.10.03"]
[EventRounds "9"]
[EventCountry "RUS"]

1. d4 Nf6 2. c4 g6 3. Nc3 Bg7 4. e4 d6 5. Be2 O-O 6. Bg5 c5 7. d5 b5 8. cxb5 a6
9. bxa6 Qa5 10. Bd2 Bxa6 11. Nf3 Qb4 12. Bxa6 Nxa6 13. Qc2 Rfb8 14. Rb1 Qb7 15.
a3 Nd7 16. b3 Nc7 17. a4 Qa6 18. Bg5 h6 19. Bf4 g5 20. Be3 Rb4 21. Nd2 Ne5 22.
f3 f5 23. g3 f4 24. gxf4 gxf4 25. Bf2 Rb7 26. Ne2 e6 27. Nxf4 exd5 28. exd5 Rb4
29. Ne4 Rf8 30. Ne6 Nxe6 31. dxe6 Nd3+ 32. Kd2 Rxf3 33. Rbe1 Rxe4 34. Rxe4
Rxf2+ 35. Re2 Rxe2+ 36. Kxe2 Nf4+ 37. Kd1 Qb7 38. Re1 Qd5+ 39. Kc1 Nd3+ 40.
Qxd3 Qxd3 41. e7 Qc3+ 42. Kd1 Qxb3+ 43. Ke2 Bb2 44. Kd2 Qc3+ 0-1

[Event "Chigorin Memorial"]
[Site "St Petersburg"]
[Date "2015.10.10"]
[Round "8.47"]
[White "Naumenko, Oleg"]
[Black "Atabayev, Saparmyrat"]
[Result "1/2-1/2"]
[WhiteElo "2167"]
[BlackElo "2368"]
[PlyCount "90"]
[EventDate "2015.10.03"]
[EventRounds "9"]
[EventCountry "RUS"]

1. d4 Nf6 2. Nf3 g6 3. Bf4 Bg7 4. e3 O-O 5. Nbd2 d6 6. h3 Nbd7 7. Be2 Qe8 8.
Bh2 e5 9. dxe5 dxe5 10. Nc4 e4 11. Nd4 Qd8 12. Nb5 Ne8 13. O-O a6 14. Nc3 Bxc3
15. bxc3 Qe7 16. Rb1 Nc5 17. Qd4 b6 18. Ne5 Bb7 19. Rfd1 Nf6 20. Ng4 Nxg4 21.
hxg4 Rfe8 22. g5 Bc6 23. Bc4 Na4 24. Bb3 Rad8 25. Qc4 Nc5 26. Qe2 Bb5 27. Qg4
Na4 28. Rxd8 Rxd8 29. Rd1 Rxd1+ 30. Qxd1 Nxc3 31. Qd2 Na4 32. Qd5 Nc5 33. Be5
Bc6 34. Qd4 Nxb3 35. axb3 Qxg5 36. Bxc7 b5 37. Be5 h5 38. Qd6 Be8 39. Bf6 Qg4
40. Qd4 Qe6 41. Bh8 Kf8 42. Qc5+ Kg8 43. Qd4 Kf8 44. Qc5+ Kg8 45. Qd4 Kf8
1/2-1/2

[Event "Chigorin Memorial"]
[Site "St Petersburg"]
[Date "2015.10.10"]
[Round "8.48"]
[White "Gubajdullin, Alexei"]
[Black "Gogin, Maksim"]
[Result "0-1"]
[WhiteElo "2359"]
[BlackElo "2220"]
[PlyCount "48"]
[EventDate "2015.10.03"]
[EventRounds "9"]
[EventCountry "RUS"]

1. b3 Nf6 2. Bb2 g6 3. Bxf6 exf6 4. c4 f5 5. Nc3 Bg7 6. Rc1 d6 7. g3 h5 8. Nf3
b6 9. Bg2 Bb7 10. O-O Nd7 11. d4 Nf6 12. d5 Qd7 13. Nd4 h4 14. Nc6 hxg3 15.
hxg3 f4 16. gxf4 Qg4 17. Qd4 Kf8 18. Qe3 Bh6 19. Qe7+ Kg7 20. e3 Rae8 21. f3
Qc8 22. Qxe8 Qxe8 23. Rfe1 Bxc6 24. dxc6 Qxc6 0-1

[Event "Chigorin Memorial"]
[Site "St Petersburg"]
[Date "2015.10.10"]
[Round "8.49"]
[White "Akkozov, Berik"]
[Black "Urazayev, Arystanbek"]
[Result "1-0"]
[WhiteElo "2356"]
[BlackElo "2217"]
[PlyCount "95"]
[EventDate "2015.10.03"]
[EventRounds "9"]
[EventCountry "RUS"]

1. d4 d5 2. Nf3 Nc6 3. g3 Bf5 4. Bg2 Nb4 5. Na3 Nf6 6. Bf4 e6 7. O-O Be7 8. Nb5
Na6 9. c4 O-O 10. Qb3 c6 11. Nc3 Nb4 12. c5 a5 13. Rfc1 Ra7 14. a3 Na6 15. Qa4
b5 16. cxb6 Qxb6 17. Ne5 Nb8 18. Qd1 Qa6 19. Bf1 Qb7 20. Na4 Nfd7 21. Nd3 Na6
22. Rc3 g5 23. Be3 Rc8 24. Rac1 f6 25. Bg2 Qa8 26. Bd2 Rac7 27. Qe1 Qa7 28. e4
dxe4 29. Bxe4 Qxd4 30. Rc4 Qd6 31. Bxa5 Bxe4 32. Qxe4 Ra7 33. Rxc6 Rxc6 34.
Rxc6 Qd5 35. Rxe6 Qxe4 36. Rxe4 Kf7 37. b4 Nab8 38. Rc4 Ke6 39. Rc8 Kf5 40. Kg2
Bd6 41. Nc3 Ra6 42. Nb5 g4 43. Rh8 Bf8 44. Rxh7 Ke4 45. Nf4 Rc6 46. Bc7 Rc1 47.
Bxb8 Nxb8 48. Rf7 1-0

[Event "Chigorin Memorial"]
[Site "St Petersburg"]
[Date "2015.10.10"]
[Round "8.51"]
[White "Yandarbiev, Ruslan"]
[Black "Azimov, Ilyas"]
[Result "1-0"]
[WhiteElo "2344"]
[BlackElo "2140"]
[PlyCount "89"]
[EventDate "2015.10.03"]
[EventRounds "9"]
[EventCountry "RUS"]

1. e4 c5 2. Nf3 Nc6 3. d4 cxd4 4. Nxd4 Qb6 5. Nb3 Nf6 6. Nc3 e6 7. Qe2 Bb4 8.
Bd2 O-O 9. a3 Be7 10. e5 Nd5 11. Nxd5 exd5 12. O-O-O d6 13. exd6 Bxd6 14. Bc3
Be6 15. g3 Rfe8 16. Bg2 Rac8 17. Rhe1 Bd7 18. Qd2 Be5 19. Bxd5 Bf5 20. f4 Bxc3
21. Rxe8+ Rxe8 22. Qxc3 h6 23. Re1 Rc8 24. Qe3 Qb5 25. Bxc6 Qxc6 26. Nd4 Qc5
27. Qe5 Bd7 28. Qxc5 Rxc5 29. Kd2 Kf8 30. Kd3 Bf5+ 31. Nxf5 Rxf5 32. Re5 Rf6
33. c4 Rd6+ 34. Rd5 Rb6 35. Kc3 Ke7 36. a4 Rc6 37. a5 Rc7 38. Kd4 Kf6 39. g4
Re7 40. Rd6+ Re6 41. Rxe6+ Kxe6 42. h4 h5 43. gxh5 Kd6 44. f5 f6 45. b4 1-0

[Event "Chigorin Memorial"]
[Site "St Petersburg"]
[Date "2015.10.10"]
[Round "8.52"]
[White "Karasev, Vladimir I"]
[Black "Repkin, Alexander"]
[Result "1-0"]
[WhiteElo "2341"]
[BlackElo "2013"]
[PlyCount "139"]
[EventDate "2015.10.03"]
[EventRounds "9"]
[EventCountry "RUS"]

1. Nf3 Nf6 2. c4 d6 3. d4 Nbd7 4. Nc3 e5 5. e4 Be7 6. Be2 O-O 7. O-O c6 8. Qc2
Re8 9. Rb1 Bf8 10. b4 exd4 11. Nxd4 c5 12. bxc5 dxc5 13. Nf5 Nb6 14. Rd1 Qc7
15. Ne3 Bd7 16. f3 Red8 17. g3 Be8 18. Bb2 Rxd1+ 19. Rxd1 Rd8 20. Rxd8 Qxd8 21.
e5 Nfd7 22. Qe4 Nb8 23. Bd3 g6 24. Ncd5 Nc6 25. Nf6+ Kh8 26. Nf5 Nd4 27. Nxd4
cxd4 28. Nxe8 Qxe8 29. Bxd4 Kg8 30. Qxb7 Nd7 31. Qd5 Nb6 32. Qe4 Qc8 33. Kg2
Bc5 34. Bc3 Qe6 35. f4 h6 36. h3 h5 37. Be2 f5 38. Qd3 Qe7 39. Bf3 Kh7 40. Be1
Kg7 41. g4 hxg4 42. hxg4 fxg4 43. Bxg4 Bb4 44. Bg3 Qf7 45. e6 Qf6 46. Kh3 Be7
47. Qe4 Kf8 48. Bf2 Qc3+ 49. Kg2 Nxc4 50. Qxg6 Nd6 51. Qb1 a5 52. Qb8+ Kg7 53.
Qa7 Kf8 54. Qa8+ Kg7 55. Qd5 Kf8 56. Qd4 Nb5 57. Qxc3 Nxc3 58. Bd4 Nxa2 59. f5
Nb4 60. f6 Bd6 61. Be5 Bc5 62. Bd4 Bd6 63. Be3 Nd5 64. Bh6+ Kg8 65. f7+ Kh7 66.
f8=Q Bxf8 67. Bxf8 Ne3+ 68. Kf3 Nxg4 69. Kxg4 Kg6 70. Ba3 1-0

[Event "Chigorin Memorial"]
[Site "St Petersburg"]
[Date "2015.10.10"]
[Round "8.53"]
[White "Blomqvist, Erik"]
[Black "Abramov, Nikita"]
[Result "1-0"]
[WhiteElo "2530"]
[BlackElo "2222"]
[PlyCount "53"]
[EventDate "2015.10.03"]
[EventRounds "9"]
[EventCountry "RUS"]

1. e4 e5 2. Nf3 Nc6 3. Bb5 Nf6 4. O-O Nxe4 5. d4 Nd6 6. Ba4 e4 7. Re1 Be7 8.
Ne5 O-O 9. Nc3 Bf6 10. Bf4 Nf5 11. Nxe4 Ncxd4 12. Nxf6+ Qxf6 13. Nxd7 Bxd7 14.
Bxd7 Rad8 15. Be5 Qg6 16. Bxf5 Nxf5 17. Qf3 c6 18. Rad1 f6 19. Bc3 Nh4 20. Qg3
Rxd1 21. Rxd1 Qxc2 22. Re1 Ng6 23. Qc7 Qa4 24. Qxb7 Rd8 25. h3 Rd1 26. Qb8+ Kf7
27. Qe8# 1-0

[Event "Chigorin Memorial"]
[Site "St Petersburg"]
[Date "2015.10.10"]
[Round "8.54"]
[White "Atabayev, Yusup"]
[Black "Purtov, Konstantin"]
[Result "1/2-1/2"]
[WhiteElo "2428"]
[BlackElo "2199"]
[PlyCount "84"]
[EventDate "2015.10.03"]
[EventRounds "9"]
[EventCountry "RUS"]

1. e4 e5 2. Nc3 Nf6 3. g3 Nc6 4. Bg2 Bc5 5. d3 d6 6. Na4 O-O 7. Nxc5 dxc5 8. h3
Be6 9. b3 Nd7 10. Nf3 f6 11. O-O a5 12. a4 Ndb8 13. Be3 Na6 14. Nd2 Qd7 15. Kh2
b6 16. Nc4 Rad8 17. f4 Nab4 18. fxe5 fxe5 19. Rxf8+ Rxf8 20. c3 Na6 21. Ra2
Nab8 22. Rd2 Qe7 23. Qh5 Nd7 24. Bg5 Nf6 25. Qd1 h6 26. Be3 Rd8 27. g4 Nh7 28.
Qe1 Nf8 29. Qg3 Bxc4 30. dxc4 Rxd2 31. Bxd2 Qd6 32. Qf2 Ne6 33. Be3 Nf4 34. Qd2
Qxd2 35. Bxd2 g5 36. Bf1 Kg7 37. Kg3 Kf6 38. Kf3 Ke6 39. Be1 Nb8 40. h4 Nd7 41.
h5 Nf6 42. Bd2 Kd6 1/2-1/2

[Event "Chigorin Memorial"]
[Site "St Petersburg"]
[Date "2015.10.10"]
[Round "8.55"]
[White "Eraschenkov, Denis"]
[Black "Menkov, Aleksandr"]
[Result "0-1"]
[WhiteElo "2402"]
[BlackElo "2197"]
[PlyCount "80"]
[EventDate "2015.10.03"]
[EventRounds "9"]
[EventCountry "RUS"]

1. e4 e5 2. Nf3 Nc6 3. Bb5 a6 4. Ba4 Nf6 5. O-O Nxe4 6. d4 b5 7. Bb3 d5 8. dxe5
Be6 9. Be3 Be7 10. Nbd2 Nc5 11. Re1 d4 12. Bf4 g5 13. Bxg5 Bxg5 14. Nxg5 Qxg5
15. Qf3 Kd7 16. Bd5 Ne7 17. Bxa8 c6 18. Rad1 Rxa8 19. Qa3 Bd5 20. Nf3 b4 21.
Nxg5 bxa3 22. b4 Rg8 23. Rxd4 Rxg5 24. bxc5 Nf5 25. Rd3 Rxg2+ 26. Kf1 Rg4 27.
f3 Rc4 28. Rc1 Nd4 29. Kf2 Kc7 30. Rxa3 Rxc5 31. Rxa6 Rc3 32. Ra4 Rxf3+ 33. Ke1
Rf4 34. c4 Nf3+ 35. Kd1 Nxe5 36. Ra7+ Kb6 37. Re7 Nxc4 38. Rc2 Kc5 39. Ke2 Kd4
40. Rc1 Rh4 0-1

[Event "Chigorin Memorial"]
[Site "St Petersburg"]
[Date "2015.10.10"]
[Round "8.56"]
[White "Igonin, Temur"]
[Black "Shpartko, Grigory"]
[Result "1-0"]
[WhiteElo "2390"]
[BlackElo "2193"]
[PlyCount "59"]
[EventDate "2015.10.03"]
[EventRounds "9"]
[EventCountry "RUS"]

1. e4 Nc6 2. Nf3 d6 3. d4 Nf6 4. Nc3 a6 5. Bc4 Bg4 6. Be3 e5 7. d5 Na5 8. Bd3
b5 9. h3 Bxf3 10. Qxf3 Be7 11. Ne2 Qd7 12. g4 g6 13. g5 Nh5 14. h4 f5 15. exf5
Rf8 16. f6 Bd8 17. O-O-O c5 18. dxc6 Nxc6 19. Be4 Rc8 20. Bc5 Bxf6 21. Rxd6
Bxg5+ 22. hxg5 Rxf3 23. Rxd7 Rf7 24. Rxf7 Kxf7 25. Ng3 Ng7 26. Bd5+ Ke8 27.
Rxh7 Nd8 28. Ne4 Nde6 29. Bxe6 Rc6 30. Rh8# 1-0

[Event "Chigorin Memorial"]
[Site "St Petersburg"]
[Date "2015.10.10"]
[Round "8.57"]
[White "Sanzhaev, Darsen"]
[Black "Basencyan, Mark"]
[Result "1/2-1/2"]
[WhiteElo "2378"]
[BlackElo "2187"]
[PlyCount "131"]
[EventDate "2015.10.03"]
[EventRounds "9"]
[EventCountry "RUS"]

1. d4 Nf6 2. c4 g6 3. Nc3 Bg7 4. e4 d6 5. Nf3 O-O 6. Be2 e5 7. O-O Nc6 8. d5
Ne7 9. Ne1 Nd7 10. f3 f5 11. g4 fxg4 12. fxg4 h6 13. Nf3 g5 14. h4 Ng6 15. hxg5
Nf4 16. gxh6 Bxh6 17. Kh1 Rf7 18. Rf2 Nf6 19. Nh2 Rh7 20. Bf3 Bg5 21. Bxf4 Bxf4
22. Qe2 Qe8 23. g5 Nh5 24. Bxh5 Rxh5 25. g6 Rh4 26. Rg1 Kg7 27. Nd1 Bd7 28. Ne3
Qh8 29. Rgg2 Rf8 30. c5 dxc5 31. Nf5+ Bxf5 32. exf5 Rxf5 33. Qb5 Qd8 34. Qxc5
Rfh5 35. Kg1 Rxh2 36. Rxh2 Rxh2 37. Rxh2 Bxh2+ 38. Kxh2 Kxg6 39. Qc2+ Kf6 40.
Qf2+ Kg6 41. Qc2+ Kg7 42. Qg2+ Kf7 43. Qe4 Qh8+ 44. Kg2 Qf6 45. Qa4 Qg5+ 46.
Kf3 Qf5+ 47. Ke3 Qh3+ 48. Kd2 Qg2+ 49. Ke3 Qxd5 50. Qxa7 Ke6 51. Qb8 Qd4+ 52.
Kf3 Qd3+ 53. Kf2 Qd2+ 54. Kf3 Qd5+ 55. Ke3 Kd6 56. b4 Qd4+ 57. Ke2 Qc4+ 58. Kf3
Qc3+ 59. Ke2 Qb2+ 60. Kd3 Qd4+ 61. Ke2 Qe4+ 62. Kf2 Qc2+ 63. Ke3 Qc3+ 64. Ke2
Qc4+ 65. Ke3 Qd4+ 66. Ke2 1/2-1/2

[Event "Chigorin Memorial"]
[Site "St Petersburg"]
[Date "2015.10.10"]
[Round "8.58"]
[White "Gevorgyan, David Sh"]
[Black "Danielyan, Vahe"]
[Result "1-0"]
[WhiteElo "2359"]
[BlackElo "2151"]
[PlyCount "119"]
[EventDate "2015.10.03"]
[EventRounds "9"]
[EventCountry "RUS"]

1. d4 Nf6 2. c4 g6 3. Nc3 Bg7 4. e4 O-O 5. Nf3 d6 6. h3 Na6 7. Be3 c6 8. Bd3 e5
9. d5 Nc5 10. Bc2 a5 11. g4 a4 12. Rb1 cxd5 13. cxd5 b5 14. a3 Qa5 15. Bd2 Qa6
16. Qe2 Rb8 17. Na2 b4 18. Qxa6 Bxa6 19. Nxb4 Bb5 20. Be3 Nfxe4 21. Nd2 Nf6 22.
f3 Rfc8 23. Kf2 Na6 24. Nc6 Nxd5 25. Nxb8 Nxe3 26. Bxa4 Bxa4 27. Nxa6 Rc2 28.
Kxe3 Bh6+ 29. Kd3 Rxd2+ 30. Kc3 Re2 31. b4 Rc2+ 32. Kd3 d5 33. b5 Ra2 34. b6
Rxa3+ 35. Ke2 Ra2+ 36. Kf1 Bc6 37. Nc5 e4 38. b7 Bxb7 39. Nxb7 e3 40. Nc5 d4
41. Nd3 Rd2 42. Rb3 Bf8 43. Rg1 Be7 44. Rg2 Rd1+ 45. Ne1 Bh4 46. Re2 Rd2 47.
Nd3 Rd1+ 48. Kg2 Kg7 49. f4 h6 50. Ne5 f5 51. Rd3 Rb1 52. Rxd4 Bf2 53. Nf3 fxg4
54. hxg4 h5 55. g5 Kf7 56. Re4 h4 57. R4xe3 Bxe3 58. Rxe3 Rb4 59. Nxh4 Rxf4 60.
Nf3 1-0

[Event "Chigorin Memorial"]
[Site "St Petersburg"]
[Date "2015.10.10"]
[Round "8.59"]
[White "Askerov, Marat"]
[Black "Shevchenko, Kirill"]
[Result "0-1"]
[WhiteElo "2232"]
[BlackElo "2359"]
[PlyCount "54"]
[EventDate "2015.10.03"]
[EventRounds "9"]
[EventCountry "RUS"]

1. d4 Nf6 2. c4 g6 3. Nf3 Bg7 4. g3 O-O 5. Bg2 d6 6. O-O Nc6 7. Nc3 e5 8. d5
Nb8 9. e4 a5 10. Ne1 Na6 11. Nd3 Nd7 12. Be3 f5 13. f4 exf4 14. gxf4 fxe4 15.
Nxe4 Nf6 16. Nef2 Bf5 17. Qf3 Qd7 18. Bd4 Nh5 19. Bxg7 Qxg7 20. Rae1 Nb4 21.
Nxb4 axb4 22. Re2 Qd4 23. Re7 Qxc4 24. Rfe1 Rxa2 25. Ng4 Bxg4 26. Qxg4 Nxf4 27.
Qh4 Ne2+ 0-1

[Event "Chigorin Memorial"]
[Site "St Petersburg"]
[Date "2015.10.10"]
[Round "8.60"]
[White "Zakaryan, David"]
[Black "Lagashin, Pavel"]
[Result "1-0"]
[WhiteElo "2335"]
[BlackElo "2107"]
[PlyCount "61"]
[EventDate "2015.10.03"]
[EventRounds "9"]
[EventCountry "RUS"]

1. e4 c5 2. Nf3 Nc6 3. d4 cxd4 4. Nxd4 e6 5. Nc3 Qc7 6. Be3 a6 7. Be2 Nf6 8.
O-O Bb4 9. Na4 O-O 10. c4 Bd6 11. g3 Nxe4 12. c5 Be7 13. Rc1 f5 14. Bf3 Nf6 15.
Re1 Re8 16. Bf4 Qd8 17. Nb6 Ra7 18. b4 Bf8 19. Nb3 d5 20. cxd6 Qxb6 21. Be3
Qxb4 22. Bxc6 bxc6 23. Bxa7 Bxd6 24. Rxc6 Bf8 25. Bc5 Qa4 26. Nd4 Qxa2 27. Bxf8
Kxf8 28. Nxf5 Bd7 29. Qd6+ Kf7 30. Rxa6 Qc4 31. Qxd7+ 1-0

[Event "Chigorin Memorial"]
[Site "St Petersburg"]
[Date "2015.10.10"]
[Round "8.61"]
[White "Kenneskog, Theodor"]
[Black "Egorov, Daniil"]
[Result "0-1"]
[WhiteElo "2334"]
[BlackElo "2064"]
[PlyCount "134"]
[EventDate "2015.10.03"]
[EventRounds "9"]
[EventCountry "RUS"]

1. d4 Nf6 2. c4 g6 3. Nc3 Bg7 4. e4 d6 5. f3 O-O 6. Be3 a6 7. Qd2 Nc6 8. Nge2
Na5 9. Nc1 Nd7 10. Be2 c5 11. dxc5 Ne5 12. b3 dxc5 13. Rb1 Nac6 14. Na4 Qxd2+
15. Bxd2 Nd7 16. Nd3 Bd4 17. b4 cxb4 18. Nxb4 Nxb4 19. Bxb4 Re8 20. Kd2 Rb8 21.
Rhd1 Ne5 22. Ke1 Nc6 23. Bc5 Bxc5 24. Nxc5 Kf8 25. Rb6 Rd8 26. Rdb1 Ne5 27.
Nxb7 Bxb7 28. Rxb7 Rxb7 29. Rxb7 Rc8 30. Rb4 a5 31. Ra4 Nc6 32. Ra3 e5 33. c5
Rb8 34. Rb3 Rxb3 35. axb3 Nd4 36. Bc4 Ke7 37. Kd2 Kd7 38. Bd5 f6 39. Kd3 Nb5
40. h4 h6 41. g3 g5 42. Ke3 Nc7 43. Kd3 Nb5 44. Kc4 Na3+ 45. Kc3 Nb5+ 46. Kd3
Na3 47. Ke3 Nb5 48. h5 Nd4 49. Kf2 Nb5 50. Kg2 Nd4 51. Kf2 Kc7 52. Ke3 Kd7 53.
f4 gxf4+ 54. gxf4 Nb5 55. Kf3 Nd4+ 56. Ke3 Nb5 57. f5 Kc7 58. Kd3 Na3 59. Kc3
Nb5+ 60. Kb2 Kd7 61. Bb7 Kc7 62. Ba6 Kc6 63. Bxb5+ Kxb5 64. Ka3 Kxc5 65. Ka4
Kd4 66. Kxa5 Kxe4 67. b4 Kf3 0-1

[Event "Chigorin Memorial"]
[Site "St Petersburg"]
[Date "2015.10.10"]
[Round "8.62"]
[White "Pashinsky, Mikhail"]
[Black "Nechaev, Oleg"]
[Result "1/2-1/2"]
[WhiteElo "2228"]
[BlackElo "2330"]
[PlyCount "189"]
[EventDate "2015.10.03"]
[EventRounds "9"]
[EventCountry "RUS"]

1. d4 Nf6 2. c4 c5 3. d5 b5 4. cxb5 a6 5. bxa6 g6 6. Nc3 Bg7 7. e4 O-O 8. Nf3
Qa5 9. Bd2 Bxa6 10. Bxa6 Qxa6 11. Qe2 d6 12. h3 Nbd7 13. Qxa6 Rxa6 14. O-O Rb8
15. Rab1 Ne8 16. Rfe1 Nc7 17. a3 Nb6 18. Bg5 Kf8 19. e5 dxe5 20. Ne4 Nd7 21.
Rbc1 Rxb2 22. Nxc5 Nxc5 23. Rxc5 Ne8 24. Nxe5 Bxe5 25. Rxe5 f6 26. Bc1 Rb1 27.
Re3 Ra4 28. Kh2 h5 29. Re2 Nd6 30. Rc7 Re4 31. Rxe4 Nxe4 32. Be3 Ra1 33. Ra7
Ra2 34. Kg1 Nc3 35. Ra5 Ra1+ 36. Kh2 Rd1 37. a4 Nxd5 38. Bc5 Kf7 39. Rb5 Ke6
40. Rb3 Rc1 41. Bb6 Ra1 42. a5 h4 43. g3 hxg3+ 44. fxg3 Ra2+ 45. Kg1 Kd6 46.
Bd8 e5 47. Rb8 e4 48. Bb6 f5 49. Rg8 e3 50. Re8 e2 51. Kf2 Nc3 52. g4 Ra1 53.
Rxe2 Nxe2 54. Kxe2 Rh1 55. gxf5 gxf5 56. Kf3 Rxh3+ 57. Kf4 Ke6 58. a6 Rh4+ 59.
Kf3 Ra4 60. a7 Ke5 61. Bc7+ Kf6 62. Bd8+ Kg6 63. Bb6 Kg5 64. Bd8+ Kh5 65. Bb6
Kg6 66. Kg3 Kg5 67. Bd8+ Kh5 68. Bb6 f4+ 69. Kf3 Kg5 70. Bc7 Kf5 71. a8=Q Rxa8
72. Bxf4 Ra3+ 73. Be3 Rb3 74. Kf2 Ke4 75. Bc5 Rf3+ 76. Kg2 Kf4 77. Kh1 Kg3 78.
Bd6+ Kh3 79. Bc5 Rc3 80. Bd4 Rc2 81. Ba7 Rh2+ 82. Kg1 Ra2 83. Bd4 Rd2 84. Be3
Rh2 85. Bf4 Rg2+ 86. Kh1 Re2 87. Kg1 Re1+ 88. Kf2 Re4 89. Bc7 Re7 90. Bd6 Rf7+
91. Ke3 Kg4 92. Ke4 Rf1 93. Bc5 Re1+ 94. Be3 Rxe3+ 95. Kxe3 1/2-1/2

[Event "Chigorin Memorial"]
[Site "St Petersburg"]
[Date "2015.10.10"]
[Round "8.63"]
[White "Ivlev, Aleksey"]
[Black "Ovod, Evgenija"]
[Result "1-0"]
[WhiteElo "2215"]
[BlackElo "2328"]
[PlyCount "73"]
[EventDate "2015.10.03"]
[EventRounds "9"]
[EventCountry "RUS"]

1. Nf3 c5 2. g3 b6 3. Bg2 Bb7 4. O-O e6 5. d3 d5 6. c4 Nf6 7. cxd5 Nxd5 8. Nc3
Be7 9. Nxd5 Bxd5 10. Qa4+ Bc6 11. Qc2 Nd7 12. Bd2 Rc8 13. Bc3 O-O 14. Rfd1 Qc7
15. Rac1 Qb7 16. b3 Rfd8 17. Qb2 Nf6 18. h3 h6 19. Rd2 Ne8 20. Rdc2 Bg5 21. Bd2
Bf6 22. Bc3 Bxc3 23. Rxc3 Nd6 24. b4 cxb4 25. Qxb4 Bd5 26. Qxd6 Rxd6 27. Rxc8+
Kh7 28. R1c7 Qa6 29. Rf8 Rc6 30. Re7 e5 31. Ree8 Rc1+ 32. Kh2 Be6 33. Nxe5 g6
34. Nd7 g5 35. Be4+ f5 36. Re7+ Kg6 37. Rxe6+ 1-0

[Event "Chigorin Memorial"]
[Site "St Petersburg"]
[Date "2015.10.10"]
[Round "8.64"]
[White "Esenov, Annaberdi"]
[Black "Muhtarov, Leonid"]
[Result "1-0"]
[WhiteElo "2323"]
[BlackElo "2060"]
[PlyCount "83"]
[EventDate "2015.10.03"]
[EventRounds "9"]
[EventCountry "RUS"]

1. e4 c5 2. Nf3 Nc6 3. d4 cxd4 4. Nxd4 Nf6 5. Nc3 d6 6. Bc4 e6 7. Be3 Be7 8.
Qe2 a6 9. O-O-O Qc7 10. Bb3 O-O 11. f3 Na5 12. Kb1 Bd7 13. g4 Rfc8 14. g5 Ne8
15. Rhg1 Nc4 16. Nf5 Bb5 17. Nxb5 axb5 18. Nxe7+ Qxe7 19. f4 Ra6 20. Rg3 g6 21.
Bd2 Ng7 22. Bb4 Nh5 23. Rg4 e5 24. f5 Qc7 25. Qf2 Rd8 26. f6 Qd7 27. Rh4 Qe6
28. Rd5 Qd7 29. Rd3 Nf4 30. Rf3 d5 31. Rfxf4 dxe4 32. a3 e3 33. Qg2 exf4 34.
Rxf4 Qd1+ 35. Ka2 e2 36. Re4 Nd2 37. Bxd2 Qxd2 38. Rxe2 Qa5 39. Qd5 Re6 40.
Rxe6 fxe6 41. Qxe6+ Kh8 42. Qf7 1-0

[Event "Chigorin Memorial"]
[Site "St Petersburg"]
[Date "2015.10.10"]
[Round "8.65"]
[White "Sedina, Elena"]
[Black "Tishova, Svetlana"]
[Result "1-0"]
[WhiteElo "2322"]
[BlackElo "2058"]
[PlyCount "117"]
[EventDate "2015.10.03"]
[EventRounds "9"]
[EventCountry "RUS"]

1. e4 c5 2. Nf3 e6 3. c3 d5 4. exd5 exd5 5. d4 Nc6 6. Bb5 Bd6 7. dxc5 Bxc5 8.
O-O Nge7 9. Nbd2 O-O 10. Nb3 Bb6 11. Re1 Qd6 12. Be3 Bxe3 13. Rxe3 Bg4 14. h3
Bh5 15. Be2 Rad8 16. Nfd4 Bg6 17. Bf3 Ne5 18. Qe1 f6 19. Bg4 Bf7 20. f4 N5g6
21. Ne6 Bxe6 22. Rxe6 Qc7 23. g3 f5 24. Bf3 Rd6 25. Nd4 Rf6 26. Rxd6 Rxd6 27.
Qe3 Qd7 28. Re1 Nc6 29. Nb5 Rf6 30. Qe8+ Qxe8 31. Rxe8+ Kf7 32. Ra8 Nge7 33.
Nxa7 Nxa7 34. Rxa7 Rb6 35. b3 Ke6 36. Kf2 Nc8 37. Ra5 Rd6 38. Ke3 Ne7 39. Rb5
b6 40. a4 Kd7 41. a5 bxa5 42. Rxa5 Re6+ 43. Kd3 Kd6 44. Ra6+ Nc6 45. b4 Kd7 46.
b5 Ne7 47. Rxe6 Kxe6 48. c4 dxc4+ 49. Kxc4 Kd6 50. b6 Ng8 51. b7 Kc7 52. Kd4
Nf6 53. Ke5 Nd7+ 54. Ke6 h6 55. Kxf5 Nf8 56. Ke5 Nd7+ 57. Ke6 g6 58. h4 h5 59.
Kf7 1-0